| 000 | 00354nam a2200145Ia 4500 | ||
|---|---|---|---|
| 999 |
_c10554 _d10554 |
||
| 003 | OSt | ||
| 005 | 20220331175119.0 | ||
| 008 | 220318s9999 xx 000 0 und d | ||
| 020 | _a9781138950825 | ||
| 082 |
_a720.284 _bSMI |
||
| 100 | _aSmith, Kendra Schank | ||
| 245 | 0 | _aArchitects' sketches : dialogue and design | |
| 260 | _aRoutledge | ||
| 942 | _2ddc | ||